Misterio del gato desaparecido / (Registro nro. 11632)

Detalles MARC
000 -LIDER
fixed length control field 00929nam a22002897a 4500
001 - NÚMERO DE CONTROL
Identificador de número de control 000580
003 - IDENTIFICACDOR DE NÚMERO DE CONTROL
control field DO-SdBNP
005 - DATE AND TIME OF LATEST TRANSACTION
control field 20240415102426.0
007 - CAMPOS FIJOS DE DESCRIPCIÓN FÍSICA
fixed length control field 000580
008 - ELEMENTOS DE LONGITUD FIJA
fixed length control field 1610202007 sp | 00| 0 spa d
020 ## - ISBN
International Standard Book Number 9788478718603
040 ## - FUENTE DE CATALOGACIÓN
Agencia que crea de manera original el registro BPMSU
Idioma de catalogación spa
Agencia que realiza la transcripción BPMSU
082 ## - NÚMERO DE CLASIFICACIÓN DECIMAL DE DEWEY
Classification number 823.8
Item number B661m 2007
Edition number 22
100 1# - ASIENTO PRINCIPAL -- NOMBRE PERSONAL
Nombre personal Blyton, Enid,
Fechas asociadas con el nombre 1897-1968.
245 10 - MENCIÓN DE TITULO
Título Misterio del gato desaparecido /
Mención de responsabilidad Enid Blyton ; traducción de C. Peraire del Molino ; ilustraciones de Carlos Freixas.
260 ## - PUBLICACIÓN, DISTRIBUCIÓN, ETC. (PIE DE IMPRENTA)
Lugar de publicación, distribución, etc Barcelona :
Nombre del editor, distribuidor, etc. Molino,
Fecha de publicación, distribución, etc 2007.
300 ## - DESCRIPCIÓN FÍSICA
Extensión 197 p. :
Otros detalles físicos il. ;
Dimensiones 19 cm.
490 0# - MENCIÓN DE SERIES
Mención de serie Misterio
Volume/sequential designation 2
534 ## - NOTA SOBRE LA VERSIÓN ORIGINAL
Frase introductoria Título original :
Mención del título original The mystery of the disappearing cat.
590 ## - NOTA LOCAL
Texto de la nota local Inventariado, 2024/VM
650 #4 - ENCABEZAMIENTO DE MATERIA--TEMÁTICO
Término temático o nombre geográfico como elemento de entrada Novela juvenil inglesa
650 #4 - ENCABEZAMIENTO DE MATERIA--TEMÁTICO
Término temático o nombre geográfico como elemento de entrada Misterio
Subdivisión de forma Novela juvenil
700 1# - ASIENTO SECUNDARIO -- NOMBRE PERSONAL
Nombre personal Peraire del Molino, C.
Mención de responsabilidad tr.
700 1# - ASIENTO SECUNDARIO -- NOMBRE PERSONAL
Nombre personal Freixas, Carlos
910 ## - VALIDACIÓN
Validación VMateo V. Control de calidad. BPMSU
942 ## - ADDED ENTRY ELEMENTS (KOHA)
Source of classification or shelving scheme Dewey Decimal Classification
Koha item type Libros
Existencias
Withdrawn status Lost status Source of classification or shelving scheme Damaged status Not for loan Collection code Home library Current library Date acquired Source of acquisition Total Checkouts Full call number Barcode Date last seen Price effective from Koha item type
    Dewey Decimal Classification     Colección Juvenil General Biblioteca Pública Metropolitana Salomé Ureña Biblioteca Pública Metropolitana Salomé Ureña 10/20/2016 FUNDI   BPMSU CJG 823.8 B661m 2007 BPMSU6100304 10/20/2016 10/20/2016 Libros